000 01150cam a2200337 i 4500
001 18244900
003 EG-ScBUE
005 20260512084939.0
008 140728s2015 enka f bd 001 0 eng d
020 _a9780123944351
040 _aDLC
_beng
_erda
_cDLC
_dEG-ScBUE
082 0 4 _a512.5
_bFOR
_222
100 1 _aFord, William,
_eauthor.
_939437
245 1 0 _aNumerical linear algebra with applications :
_busing matlab /
_cby William Ford, De[partment of Computer Science, University of the Pacific.
250 _aFirst edition.
264 1 _aLondon :
_bAcademic Press / Elsevier,
_c2015.
300 _axxvi, 602 pages :
_billustrations ;
_c28 cm
336 _2rdacontent
_atext
_btxt
337 _aunmediated
_2rdamedia
_bn
338 _avolume
_bnc
_2rdacarrier
500 _aIncludes glossary.
500 _aIncludes appendix.
504 _aIncludes bibliographical references and index.
630 0 7 _aMATLAB.
_2BUEsh
_9826
650 7 _aAlgebras, Linear.
_2BUEsh
_93439
650 7 _aNumerical calculations.
_2BUEsh
_912960
651 _2BUEsh
653 _bBUSADM
_bENGGEN
_cFebruary2016
655 _vReading book
942 _2ddc
_cBB
999 _c21242
_d21214